Normal view
MARC view
- إعداد، مصطفى أحمد أحمد ، حسام الدين إبراهيم عثمان
Entry Personal Name
001 - CONTROL NUMBER
- control field: 10792
003 - CONTROL NUMBER IDENTIFIER
- control field: JO-AjAnu
005 - DATE AND TIME OF LATEST TRANSACTION
- control field: 20230606072031.0
008 - FIXED-LENGTH DATA ELEMENTS
- fixed length control field: 230606|| aca||aabn | a|a d
040 ## - CATALOGING SOURCE
- Original cataloging agency: JO-AjAnu
- Transcribing agency: JO-AjAnu
100 ## - HEADING--PERSONAL NAME
- Personal name: إعداد، مصطفى أحمد أحمد ، حسام الدين إبراهيم عثمان
670 ## - SOURCE DATA FOUND
- Source citation: Work cat.: (JO-AjAnu)5557: إعداد، مصطفى أحمد أحمد ، حسام الدين إبراهيم عثمان, author, الموسوعة الجغرافية: الدول - الولايات - المقاطعات، ج1